Οι Έλληνες : η χώρα και οι άνθρωποι μεταπολεμικά
Αποθηκεύτηκε σε:
| Κύριος συγγραφέας: | |
|---|---|
| Άλλοι συγγραφείς: | , , |
| Μορφή: | Βιβλίο |
| Γλώσσα: | Greek English |
| Δημοσίευση: |
Αθήνα :
Μαραθιά,
1995.
|
| Θέματα: | |
| Ετικέτες: |
Προσθήκη ετικέτας
Δεν υπάρχουν, Καταχωρήστε ετικέτα πρώτοι!
|
MARC
| LEADER | 00000cam a2200000 i 4500 | ||
|---|---|---|---|
| 001 | 1/4857 | ||
| 008 | 970120s1995 gr | ||| |||| ||gre|| | ||
| 035 | |l 10015797 | ||
| 040 | |a GR-MyUA |b gre |e AACR2 | ||
| 041 | 1 | |a gre |h eng | |
| 082 | 0 | |a 938.9 | |
| 100 | 1 | |a Pettifer, James. | |
| 245 | 1 | 3 | |a Οι Έλληνες : |b η χώρα και οι άνθρωποι μεταπολεμικά / |c Τζέιμς Πέτιφερ ; μετάφραση Μαριάννα Βιβίτσου, Γιώργος Ηλιάδης, Χρήστος Μαραθιάς. |
| 260 | |a Αθήνα : |b Μαραθιά, |c 1995. | ||
| 300 | |a 351 σ. : |b εικ. ; | ||
| 500 | |a Τίτλος πρωτοτύπου: The Greeks: the land and people since the war. | ||
| 650 | 0 | 0 | |a Greeks |x History |y 20th century. |
| 651 | 0 | |a Greece |x History |y 20th century. | |
| 700 | 1 | |a Βιβίτσου, Μαριάννα, |e trlf | |
| 700 | 1 | |a Ηλιάδης, Γεώργιος Σ., |d 1871-1971, |e trl | |
| 700 | 1 | |a Μαραθιάς, Χρήστος. |4 trl | |
| 852 | |a INST |b LESVOS |e 19970120 |h 938.9 PET |p 005100010274 |q 005100010274 |t BK |y 0 | ||
| 909 | |a Λ |b 043061 | ||
| 922 | |a 1ΕΛΗ |b 199512 |c ΤΕΡΚΕΝΛΗ | ||
| 950 | |a 171/1995-10-24 | ||